000 00593nam a22001817a 4500
003 OSt
005 20251118095714.0
008 251118b |||||||| |||| 00| 0 eng d
020 _a971-8510-71-0.
040 _aDWCL-Admin lib
_cOC
082 _aFil. 624.1 B554s 1999
100 _aBesavilla, Venancio I., Jr.
245 _a Structural engineering and construction, volume 2 /
_cVenancio I. Besavilla, Jr.
260 _a Cebu City:
_bBIV Pub.,
_cc1999.
300 _a 732 p. : ill. ;
_c22 cm.
650 _a1. Structural engineering-Problems, exercises, etc.
942 _2ddc
_cBK - FIL
_kFil.
_n0
999 _c5751
_d5751